Abrecabezas [juego].

Guardado en:
Formato: Objeto Físico
Publicado: Argentina : Bontus, 2011
Materias:
Etiquetas: Agregar Etiqueta
Sin Etiquetas, Sea el primero en etiquetar este registro!
LEADER 00535nrm a22001455a 4500
001 CEM.cems017551
008 130507s2011##################0###0#####d
005 20230912093026.0
245 0 0 |a Abrecabezas [juego]. 
260 |a Argentina :  |b Bontus,  |c 2011 
500 |a Juego de mesa para 2 a 12 jugadores adultos Individual o por equipos 270 tarjetas con 540 actividades; un tablero de juego; 4 ficha e instrucciones 
082 0 4 |a A3 
653 |a Juego de mesa 
653 |a Cultura general 
859 |a CEMS  |b BIB. CEMS - Agricultura  |h A3  |i 1-6  |p A0017.99  |t Ej.1